[Event "CHN-ch"]
[Site "Xinghua"]
[Date "2013.04.16"]
[Round "1"]
[White "Li, Chao B"]
[Black "Hou, Yifan"]
[Result "1/2-1/2"]
[WhiteElo "2686"]
[BlackElo "2617"]
[PlyCount "80"]
[EventDate "2013.04.16"]
[EventType "tourn"]
[EventRounds "11"]
[EventCountry "CHN"]
[EventCategory "15"]
[SourceTitle "CBM 154"]
[Source "ChessBase"]
[SourceDate "2013.05.15"]
[SourceVersion "1"]
[SourceVersionDate "2013.05.15"]
[SourceQuality "1"]

1. d4 Nf6 2. c4 e6 3. Nc3 Bb4 4. Qc2 d5 5. cxd5 exd5 6. Bg5 c5 7. dxc5 h6 8.
Bh4 g5 9. Bg3 Ne4 10. e3 Qa5 11. Rc1 Qxa2 12. Bb5+ Bd7 13. Bxd7+ Nxd7 14. Nge2
Nxc3 15. Nxc3 Qc4 16. Bd6 Nxc5 17. Bxc5 Qxc5 18. O-O Bxc3 19. Qa4+ Qc6 20. Qa3
Qa6 21. Qxa6 bxa6 22. Rxc3 O-O 23. Rc6 Kg7 24. Rd1 Rfc8 25. Rxa6 Rab8 26. g4
Rxb2 27. Rxd5 Rcc2 28. Rf5 Ra2 29. Rd6 Rc7 30. Rdd5 a6 31. Kg2 Rc6 32. Rd7 Rf6
33. e4 Rxf5 34. gxf5 Kf6 35. Rd6+ Ke5 36. Rxh6 Kxe4 37. Rf6 Ra5 38. Kg3 Rxf5
39. f3+ Ke5 40. Rxa6 Rf4 1/2-1/2

[Event "Geneve FIDE GP (Women)"]
[Site "Geneve"]
[Date "2013.05.04"]
[Round "2"]
[White "Hou, Yifan"]
[Black "Khotenashvili, Bela"]
[Result "1-0"]
[WhiteElo "2617"]
[BlackElo "2505"]
[Annotator "Mikhalchishin,A"]
[PlyCount "81"]
[EventDate "2013.05.03"]
[EventType "tourn"]
[EventRounds "11"]
[EventCountry "SUI"]
[EventCategory "11"]
[SourceTitle "CBM 155"]
[Source "ChessBase"]
[SourceDate "2013.07.16"]
[SourceVersion "1"]
[SourceVersionDate "2013.07.16"]
[SourceQuality "1"]
[WhiteClock "0:30:45"]
[BlackClock "0:32:03"]

1. e4 c6 2. Nc3 d5 3. Nf3 {This is the favourite variation of young Tal and
Fischer!} Bg4 4. h3 Bxf3 ({The retreat} 4... Bh5 {is wrong:} 5. exd5 cxd5 6.
Bb5+ Nc6 7. g4 Bg6 8. Ne5) 5. Qxf3 ({Tal tried to surprise Botvinnik here with
the unusual and illogical} 5. gxf3 $6) 5... e6 6. d4 $5 ({Here Fischer played
the King's Indian way} 6. d3) 6... Nf6 7. Bd3 ({Simple development was
possible:} 7. Bg5 dxe4 8. Nxe4 Nbd7) 7... Qb6 $5 {Very sharp, usual
development would be} (7... dxe4 8. Nxe4 Nxe4 9. Qxe4 Nd7 10. O-O Nf6 11. Qe3
Bd6 12. Bd2 O-O 13. c4) 8. O-O Qxd4 (8... Be7 {was not much fun:} 9. e5 Nfd7
10. Qg4) 9. Be3 ({It was possible to start central action immediately} 9. exd5
Nxd5 $6 (9... cxd5) 10. Rd1 Qf6 11. Qg3 Nd7 12. Nxd5 cxd5 13. Bg5 Qxb2 $2 (
13... Bd6 14. Bxf6 Bxg3 15. Bxg7 Rg8 16. Bc3 Be5 17. Bxe5 Nxe5 18. Bxh7 Rg7 19.
Bd3 $16) 14. Rab1 Qa3 15. Rxb7 Bd6 16. Bf4 Bxf4 17. Qxf4 a6 $8 18. Rdb1 Rd8 (
18... Qxa2 19. Qd6) 19. Rxd7 $1 Rxd7 20. Rb8+ Rd8 21. Rxd8+ Kxd8 22. Qb8+ Ke7
23. Qxh8 {Balashov,Y (2490)-Smagin,S (2545)/Russia (ch) 1995; with a winning
position.}) 9... Qb4 10. exd5 cxd5 ({Here there are two other possible captures
} 10... exd5 11. Rfe1 Be7 12. Bf4 Kf8 $8 13. Qg3 Nbd7 (13... Nh5 $5 14. Qg4 Na6
$1 15. Qxh5 Qxf4 16. Bxa6 bxa6 17. Qe2 $16) 14. Rxe7 $3 Kxe7 15. Bc7 $2 (15.
Re1+ Kd8 16. Bd6 $1 $16 {Lechtynsky,J}) 15... Ne8 $1 16. a3 Qxb2 17. Re1+ Kf8
18. Bd6+ Kg8 {Balashov,Y (2555)-Lechtynsky,J (2470)/Trnava 1988; and Black
defended.}) (10... Nxd5 11. Nxd5 cxd5 12. c4 $1 $16) 11. Nb5 Na6 12. c4 $1 ({
Another way was} 12. Bf4 Be7 13. a3 Qc5 14. b4 Qb6 15. c4 dxc4 16. Bxc4 O-O 17.
Rfd1) 12... Be7 $6 ({It was necessary to try to eliminate the dangerous bishop:
} 12... Bc5 13. a3 Qb3 14. Qe2 Bxe3 15. Qxe3 {and Black did not equalise fully
yet.}) 13. a3 Qa5 ({Another retreat} 13... Qb3 {was dangerous:} 14. Rad1 O-O
15. cxd5 Nxd5 16. Qe4 Nf6 17. Qxb7) 14. Bxa7 {White prefers to return the pawn,
but more chances are promised by a continuation of her development.} (14. b4
Qd8 15. Rfd1 O-O 16. Rac1) 14... O-O 15. b4 Qd8 16. Bd4 ({The direct} 16. Rfd1
{was better, and Hou was unnecessarily afraid of} b6 17. Qe3) 16... Nb8 {
The only chance is to return this knight to the centre.} 17. Rad1 Nc6 18. Bb2
Qb8 ({Black faces huge problems after} 18... Qb6 19. c5 Qd8 20. Rfe1) 19. Bxf6
{The correct decision to win the pawn.} Bxf6 20. cxd5 Ne5 21. Qe4 Nxd3 22. Rxd3
exd5 23. Rxd5 Re8 24. Qd3 Qf4 ({Slightly better was An attempt at controlling
the centre was slightly better:} 24... g6 25. Rd1 Be5) 25. Nd6 {Now the black
pieces are in total disorder.} Reb8 26. g3 ({Including the last piece in the
action was very strong:} 26. Re1 b6 27. Re3) 26... Qh6 27. Kg2 Qg6 28. Qf3 ({
White decided to keep queens on the board, but the endgame was easily won too:
} 28. Rd1 Qxd3 29. R1xd3) 28... Bb2 29. Nc4 Bf6 30. Rd7 b6 {Another pawn
sacrifice does not help.} ({A counterattack can't be successful either:} 30...
h6 31. Rfd1 Qc2 32. Ne3 Qa2 33. Nf5 Rxa3 34. Nxh6+ Kh7 35. Qf5+ Kxh6 36. g4)
31. Nxb6 Ra6 32. Nd5 ({An even better move was} 32. Rb7) 32... h5 33. Nf4 (33.
Rc1 {was very good:}) 33... Qf5 34. Rd5 Be5 35. Re1 f6 36. Qb3 Kh7 37. Nd3 Rba8
38. Nxe5 Rxa3 39. Nc6 $1 {The final, simple tactics.} Qxf2+ 40. Kxf2 Rxb3 41.
Ra5 1-0

[Event "Geneve FIDE GP (Women)"]
[Site "Geneve"]
[Date "2013.05.05"]
[Round "3"]
[White "Batchimeg, Tuvshintugs"]
[Black "Hou, Yifan"]
[Result "1-0"]
[WhiteElo "2298"]
[BlackElo "2617"]
[Annotator "Mikhalchishin,A"]
[PlyCount "83"]
[EventDate "2013.05.03"]
[EventType "tourn"]
[EventRounds "11"]
[EventCountry "SUI"]
[EventCategory "11"]
[SourceTitle "CBM 155"]
[Source "ChessBase"]
[SourceDate "2013.07.16"]
[SourceVersion "1"]
[SourceVersionDate "2013.07.16"]
[SourceQuality "1"]
[WhiteClock "0:41:23"]
[BlackClock "0:30:34"]

{The biggest sensation of the tournament - the last seeded player beats the
best one! But just afew days previously Hou Yifan had finished successfully
the very strong Chinese mens Championship before Geneva. We can remember, that
in a similar situation last year in Kazan she played very unconvincigly at the
start. But later showed her real strength.} 1. d4 Nf6 2. Nf3 e6 3. e3 b6 4. Bd3
Bb7 5. O-O d5 ({Theory prefers} 5... c5 6. c4 Be7 7. Nc3 cxd4 8. exd4 d5 9.
cxd5 Nxd5 {with a very sharp middlegame. But many players in modern times hate
to play with or against an isolated pawn.}) 6. c4 Bd6 7. b3 ({Another way is} 
7. Nc3 O-O 8. Qe2 Ne4 9. Rd1) 7... O-O 8. Bb2 Nbd7 9. Nc3 a6 10. Rc1 ({White
cannot prepare the e3-e4 break immediately:} 10. Qc2 dxc4 11. bxc4 Bxf3 12.
gxf3 c5 {with serious counterplay.}) ({But there is a classical plan in the
centre as follows:} 10. Qe2 Ne4 11. Rac1 ({There is also another very logical
rook setup:} 11. Rad1 Qe7 12. Bb1 Nxc3 13. Bxc3 Nf6 14. Ne5 $14 dxc4 15. Nxc4
Be4 16. Bxe4 Nxe4 17. Bb2 b5 18. Ne5 c5 $5 19. Qc2 $1 f5 20. dxc5 Nxc5 {
Keres,P-Furman,S/Tallinn 1971; with a small positional advantage.}) 11... Qe7 (
11... f5) 12. Rfd1 (12. Na4 $5 f5 13. Ne5 Bxe5 14. dxe5 dxc4 15. Rxc4 $1 $14 (
15. bxc4 Qb4 $1)) 12... f5 (12... c5 $5 13. cxd5 exd5 14. dxc5 Nxc3 $1 15. Bxc3
bxc5 $132) 13. Na4 $1 f4 $6 $146 (13... Rf6 $5 14. c5 bxc5 15. dxc5 Nexc5 $1
16. Nxc5 Bxc5 17. Bxf6 Nxf6 18. Qc2 Bb6 $44) 14. Rc2 $1 Rf7 $6 15. exf4 Bxf4
16. Bc1 $1 $16 {Kacheishvili,G (2593)-Sokolov,A (2584)/Plovdiv 2003. White
exchanges the most dangerous black piece and is prepared for the opening of
the c-file.}) 10... Qe7 11. cxd5 exd5 12. Ne2 $1 {This knight transfer allows
White to limit the opponent's attacking possibilities on the king's flank.} Ne4
13. Ng3 f5 14. Qc2 ({More logical would be the immediate} 14. Qe2) 14... Rf7
15. Qe2 $1 {The Mongolian player admits her small mistake.} g5 $6 {A very
sharp and direct way of attack.} 16. Rc2 g4 17. Bxe4 $5 fxe4 $6 ({Here the
Mongolian player said at the press conference, that another capture would be
much better:} 17... dxe4 18. Nd2 b5 19. a4 Nb6) 18. Ne5 $1 Bxe5 19. dxe5 Nxe5
20. Bxe5 Qxe5 21. Qxg4+ Rg7 $2 ({It was clearly better to concentrate on
pressure on the f-file with} 21... Kh8 22. b4 Raf8) 22. Qf5 $1 {White is
speculating on an exchange of queens or forcing her opponent's queen to leave
its strong position.} Qd6 23. Rd1 ({A very interesting try was to close the
f-file with} 23. f4 exf3 $2 24. Qxf3 {with very unpleasant threats.}) 23... Rf8
24. Qh5 Qe6 25. b4 $1 {The Mongolian player stops ...c5.} c6 26. Ne2 $1 {
It is impressive how the Mongolian, living now in Oakland, California,
transfers her knight to f4, it will be very strong there.} Qe7 27. Nf4 Qf6 28.
Qe2 ({A more direct way was} 28. a4 {trying to play a5, destroying the black
pawn structure.}) 28... Rg5 ({After} 28... Qg5 29. g3 {White's knight on f4 is
very strong. Black has many holes in the position and it is not clear how to
defend and repair her position.}) 29. h4 Re5 30. g3 Qd6 31. a3 ({A very strong
idea was to stop ...c5 after} 31. Qc4 $1 Rc8 32. Qc3 c5 33. bxc5 bxc5 34. Rb2
Ba8 35. Rb6 $1) {Sooner or later Black will try to open a route for her bishop.
} 31... c5 32. bxc5 bxc5 33. Rb2 $1 Ba8 34. Rdb1 d4 35. Rb6 Qd7 36. Qc4+ Kh8
37. Rb8 {Now Black has no defence, as her pieces on the 8th rank are very
badly placed.} Rd8 38. Ne6 $1 {Nice, but a simple solution was possible too:} (
38. Qxa6) 38... Bd5 39. Nxd8 $1 Re8 ({Or} 39... Bxc4 40. Ne6+ {with mate.}) 40.
Qxc5 d3 41. Qd4+ Kg8 42. R1b7 1-0

[Event "Prague Cez Trophy m"]
[Site "Prague"]
[Date "2013.06.14"]
[Round "4"]
[White "Navara, David"]
[Black "Hou, Yifan"]
[Result "1/2-1/2"]
[WhiteElo "2707"]
[BlackElo "2595"]
[Annotator "CB"]
[PlyCount "102"]
[EventDate "2013.06.11"]
[EventType "match"]
[EventRounds "4"]
[EventCountry "CZE"]
[SourceTitle "CBM 155"]
[Source "ChessBase"]
[SourceDate "2013.07.16"]
[SourceVersion "1"]
[SourceVersionDate "2013.07.16"]
[SourceQuality "1"]

1. e4 c5 2. Nf3 d6 3. d4 cxd4 4. Nxd4 Nf6 5. Nc3 e6 6. Be3 a6 7. Be2 Qc7 8. a4
b6 9. f4 Bb7 10. Bf3 Nbd7 11. Qe2 e5 12. O-O-O (12. Nf5 g6 13. fxe5 Nxe5 14.
Bg5 Qd8 15. Ne3 Bg7 16. O-O h6 17. Bh4 O-O 18. Ncd5 g5 19. Nxf6+ Qxf6 20. Bg4
Qd8 21. Bg3 Nxg4 22. Qxg4 Qe7 23. Nf5 Qxe4 24. Qxe4 Bxe4 25. Nxg7 Kxg7 26. Bxd6
Rfe8 27. c3 f5 28. a5 Re6 29. Bc7 b5 30. Rad1 Kg6 31. Rd6 Rxd6 32. Bxd6 h5 33.
Rd1 Rd8 34. Rd4 h4 35. Kf2 h3 36. g4 f4 37. Be7 Rxd4 38. cxd4 Bd5 39. b4 Bb3
40. Ke2 Be6 41. Kf3 Bd5+ {1/2-1/2 (41) Topalov,V (2740)-Ivanchuk,V (2740)
Linares 1998}) 12... Rc8 13. Rhe1 h5 ({Im Falle von} 13... exd4 14. Bxd4 Be7
15. e5 Bxf3 16. Qxf3 dxe5 17. fxe5 {gewinnt Weiß die Figur zurück.} O-O 18.
exf6 Bxf6 $11) (13... Be7 $2 14. Nf5 $18) (13... g6 14. g4) 14. fxe5 dxe5 15.
Nd5 Qc4 16. b3 Qxe2 17. Nxf6+ Nxf6 18. Nxe2 Ba3+ 19. Kb1 Nxe4 20. Bxb6 Bb4 21.
Rg1 $11 g5 22. Kb2 g4 23. Bxe4 Bxe4 24. c3 Rh6 25. a5 Rd6 26. Rxd6 (26. cxb4
Rxd1 27. Rxd1 Rc2+ 28. Ka3 Rxe2 29. b5 axb5 30. Rd8+ Ke7 31. Rh8 $11) 26...
Bxd6 27. c4 (27. Ng3 $5 Bg6 28. Rf1) 27... Ke7 28. Kc3 Ke6 29. b4 f5 30. c5 Be7
31. Re1 h4 (31... Bxg2 $2 32. Nf4+) 32. g3 hxg3 (32... Bf6 $5 33. Nc1 hxg3 34.
hxg3 Bc6 {sieht recht stark für Schwarz aus.}) 33. hxg3 Kf6 $6 (33... Bg5 $5 {
mit der Idee} 34. Kc4 Bd2 35. Ra1 Bd5+ 36. Kd3 Bxb4) 34. Kc4 {Weiß kommt nun
zu b5 und kann einen Freibauern bilden.} Bb7 35. b5 axb5+ 36. Kxb5 Bc6+ 37. Kc4
Rh8 $6 {Danach erhält Weiß gutes Spiel dank seiner Freibauern.} (37... Bb7
38. Kb5 Bc6+ $11) 38. a6 Rh2 39. a7 (39. Bc7 $5 {greift e5 an und verhindert
f5-f4. Weiß hat dann einigen Druck.}) 39... Kf7 40. Nc1 (40. Bc7 Bf6 41. Nc3
f4 42. gxf4 exf4 43. Bxf4 Bxc3 44. Kxc3 Ra2 $11) 40... Rc2+ 41. Kb4 Bf6 42. Nb3
e4 43. Na5 Ba8 44. c6 Bc3+ 45. Kb3 Bxe1 46. Kxc2 Ke7 47. Nc4 Bxc6 48. Ne3 Ke6
49. Bc7 Bb4 50. Bb8 Bc5 51. Kd2 Bxe3+ 1/2-1/2

[Event "Incheon op (Women) 4th"]
[Site "Incheon"]
[Date "2013.07.01"]
[Round "2"]
[White "Bhakti, Kulkarni"]
[Black "Hou, Yifan"]
[Result "0-1"]
[WhiteElo "2246"]
[BlackElo "2595"]
[PlyCount "96"]
[EventDate "2013.06.30"]
[EventType "swiss"]
[EventRounds "7"]
[EventCountry "KOR"]
[SourceTitle "CBM 155 Extra"]
[Source "ChessBase"]
[SourceDate "2013.08.26"]
[SourceVersion "1"]
[SourceVersionDate "2013.08.26"]
[SourceQuality "1"]

1. d4 Nf6 2. c4 e6 3. Nc3 Bb4 4. e3 O-O 5. Nge2 d5 6. a3 Be7 7. cxd5 exd5 8. g3
c6 9. Bg2 Na6 10. O-O Nc7 11. Nf4 Re8 12. f3 c5 13. Qc2 Ne6 14. Nfe2 Bd7 15.
Rd1 Rc8 16. Bd2 a5 17. Be1 b5 18. Qd2 b4 19. axb4 axb4 20. Na2 Bb5 21. Bf2 h6
22. dxc5 Bxc5 23. Nac1 Bc4 24. b3 Bb5 25. Nd3 Bd6 26. Rdc1 Rxc1+ 27. Rxc1 Qa5
28. Ndf4 Nxf4 29. gxf4 Bxe2 30. Qxe2 Bxf4 31. Qd2 Be5 32. Bh3 Bc3 33. Qc2 Qa8
34. Rd1 g6 35. Qb1 Kg7 36. Qc2 Re7 37. Bg2 Ra7 38. e4 Ra2 39. Qd3 dxe4 40. fxe4
Qa3 41. Rb1 Qa5 42. Bh4 Ng4 43. Qf3 Qa7+ 44. Kh1 Nf2+ 45. Bxf2 Rxf2 46. Qg3 Qa2
47. Rg1 Rb2 48. e5 Qxb3 0-1

[Event "Incheon op (Women) 4th"]
[Site "Incheon"]
[Date "2013.07.02"]
[Round "5"]
[White "Zhao, Xue"]
[Black "Hou, Yifan"]
[Result "1/2-1/2"]
[WhiteElo "2565"]
[BlackElo "2595"]
[PlyCount "43"]
[EventDate "2013.06.30"]
[EventType "swiss"]
[EventRounds "7"]
[EventCountry "KOR"]
[SourceTitle "CBM 155 Extra"]
[Source "ChessBase"]
[SourceDate "2013.08.26"]
[SourceVersion "1"]
[SourceVersionDate "2013.08.26"]
[SourceQuality "1"]

1. d4 Nf6 2. c4 e6 3. Nc3 Bb4 4. Qc2 d5 5. cxd5 exd5 6. Bg5 c5 7. dxc5 h6 8.
Bh4 g5 9. Bg3 Ne4 10. e3 Qa5 11. Rc1 Qxa2 12. Bb5+ Bd7 13. Bxd7+ Nxd7 14. Nge2
Nxc3 15. Nxc3 Qc4 16. Bd6 Nxc5 17. Bxc5 Qxc5 18. O-O Bxc3 19. Qa4+ Qc6 20. Qa3
Qa6 21. Qxa6 bxa6 22. Rxc3 1/2-1/2

[Event "Incheon op (Women) 4th"]
[Site "Incheon"]
[Date "2013.07.03"]
[Round "7"]
[White "Frayna, Janelle Mae"]
[Black "Hou, Yifan"]
[Result "0-1"]
[WhiteElo "2095"]
[BlackElo "2595"]
[PlyCount "86"]
[EventDate "2013.06.30"]
[EventType "swiss"]
[EventRounds "7"]
[EventCountry "KOR"]
[SourceTitle "CBM 155 Extra"]
[Source "ChessBase"]
[SourceDate "2013.08.26"]
[SourceVersion "1"]
[SourceVersionDate "2013.08.26"]
[SourceQuality "1"]

1. c4 b6 2. Nc3 c5 3. e4 Bb7 4. g3 e6 5. Bg2 Nf6 6. Nge2 a6 7. O-O d6 8. d4
cxd4 9. Nxd4 Qc7 10. Qe2 Be7 11. Be3 O-O 12. Rac1 Nbd7 13. f4 Rfe8 14. Kh1 Bf8
15. Nb3 Rac8 16. Nd2 h5 17. h3 g6 18. g4 hxg4 19. hxg4 Bg7 20. Bf3 g5 21. fxg5
Nh7 22. g6 fxg6 23. g5 Ne5 24. Nd1 Qe7 25. Rg1 d5 26. Nf2 Nxf3 27. Nxf3 dxe4
28. Nh4 Rc5 29. Nh3 Nf8 30. Nf4 Be5 31. Rcf1 Rc7 32. Rg4 Qg7 33. b3 Rd7 34.
Nhg2 Bc7 35. Nh4 Red8 36. Kg1 Be5 37. Nhxg6 Nxg6 38. Nxe6 Qe7 39. Nxd8 Qxd8 40.
Qf2 Rh7 41. Qf5 Qe8 42. Qf2 Bh2+ 43. Kg2 Bc8 0-1

[Event "Shenzhen Celebrity 3rd"]
[Site "Shenzhen"]
[Date "2013.07.31"]
[Round "5"]
[White "Ni, Hua"]
[Black "Hou, Yifan"]
[Result "1/2-1/2"]
[WhiteElo "2661"]
[BlackElo "2600"]
[PlyCount "190"]
[EventDate "2013.07.30"]
[EventType "tourn (rapid)"]
[EventRounds "7"]
[EventCountry "CHN"]
[EventCategory "15"]
[SourceTitle "CBM 155 Extra"]
[Source "ChessBase"]
[SourceDate "2013.08.26"]
[SourceVersion "1"]
[SourceVersionDate "2013.08.26"]
[SourceQuality "1"]

1. e4 c5 2. Nf3 e6 3. g3 Nc6 4. Bg2 Nf6 5. Qe2 d5 6. exd5 Nxd5 7. O-O g6 8. Nc3
Bg7 9. Qb5 Ndb4 10. Ne1 Qb6 11. a3 Qxb5 12. Nxb5 Na6 13. c3 Ke7 14. d3 Bd7 15.
Bg5+ f6 16. Be3 Rhc8 17. b4 Nd8 18. c4 Bc6 19. Rb1 Bxg2 20. Kxg2 b6 21. Nc2 Nb8
22. Rfd1 Nd7 23. Nc3 Nf7 24. Na4 Nd6 25. Bf4 g5 26. Bxd6+ Kxd6 27. d4 cxb4 28.
c5+ Ke7 29. axb4 f5 30. Ne3 f4 31. gxf4 gxf4 32. Nc4 b5 33. Nd6 bxa4 34. Nxc8+
Rxc8 35. Ra1 a6 36. Rxa4 Nb8 37. d5 exd5 38. Rxd5 Ke6 39. Rd6+ Kf5 40. Kf3 Be5
41. Rh6 Nc6 42. Rh5+ Kg6 43. Kg4 Bc3 44. Rxa6 Bxb4 45. Rd5 Kf7 46. Kxf4 Ne7 47.
Rh5 Kg7 48. Ra7 Kg6 49. Rg5+ Kf6 50. Ra6+ Kf7 51. Rh5 Kg7 52. Ra7 Kg6 53. Re5
Bxc5 54. Rxc5 Rxc5 55. Rxe7 Rh5 56. Kg3 Rg5+ 57. Kf3 Rh5 58. Kg2 Rg5+ 59. Kh1
Rf5 60. Re2 Ra5 61. Re3 Ra2 62. Kg2 Rb2 63. Kg3 Ra2 64. Re6+ Kf7 65. Rh6 Kg7
66. Re6 Kf7 67. Rd6 Kg7 68. h4 Ra1 69. Kg4 Rg1+ 70. Kf5 Rh1 71. Rd4 Rh2 72. f3
Kh6 73. Kg4 Rg2+ 74. Kh3 Rg1 75. Kh2 Rg6 76. Rd5 Kg7 77. Kh3 Ra6 78. Kg4 Ra1
79. Rd7+ Kh6 80. Rd6+ Kg7 81. Rd7+ Kh6 82. Rd6+ Kg7 83. f4 Rg1+ 84. Kf5 Rh1 85.
Kg5 Rg1+ 86. Kf5 Rh1 87. Rd7+ Kh6 88. Kf6 Rxh4 89. f5 Rh1 90. Rd2 Kh5 91. Rg2
Ra1 92. Kg7 Ra7+ 93. Kg8 Ra8+ 94. Kxh7 Rf8 95. Rf2 Kg5 1/2-1/2